Statistics for Silent letters A-Z

Click here to take the quiz!

General Stats

  • This quiz has been taken 59 times
  • The average score is 12 of 26

Answer Stats

LetterHintWord% Correct
P"The Lord is my shepherd..." #23Psalm
89%
HIt's the best policyHonesty
81%
ACiabatta, Pumpernickel, rye, etc.Bread
76%
EMorse, Binary, Error, etc.Code
74%
IAmigo, tomodachi, chumFriend
72%
TBoléro or Swan Lake e.g.Ballet
63%
NFallAutumn
61%
DAddams Family daughterWednesday
57%
UIf you don't know the answer, you can always...Guess
50%
GBubbly Northeastern French provinceChampagne
48%
KThat's not a _____, this is a _____!Knife
48%
MRichard Of York Gave Battle In Vain, is a way to remember rainbow coloursMnemonic
46%
YA solemn request for help or expression of thanks addressed to God or another deityPrayer
46%
LThe source of food for an incubating chick in an eggYolk
44%
BThe Taj Mahal or Great PyramidTomb
44%
JA preparation of the Cannabis plant as a sychoactive drug or medicineMarijuana
41%
WWhat you're trying to work out right now...Answer
39%
XLargest city in South DakotaSioux Falls
33%
SUS state with a diamond mineArkansas
33%
QA liquid made of shellac dissolved in alcohol, that forms a hard protective coating for surfacesLacquer
30%
CUsually comes in smooth, striated or cardiac formMuscle
28%
FPre-Decimal British coin worth 1/480th of a poundHalfpenny
13%
RSoft drink originally made from the Smilax regelii plantSarsaparilla
9%
OA group of these animals is called a 'leap'Leopard
9%
ZA landlocked countryCzech Republic
9%
VScottish town where the West Highland Way path beginsMilngavie
6%

Score Distribution

Percentile by Number Answered

Percent of People with Each Score

Your Score History

You have not taken this quiz